000 00449nam a2200157Ia 4500
999 _c1925
_d1925
003 OSt
005 20201001122643.0
008 190216s9999||||xx |||||||||||||| ||und||
040 _coclc
082 _a823.91
_bMAR/H
100 _aMarkandaya, Kamala
_95172
245 0 _aHandful Of Rice /
_cKamala Markandaya
260 _bOrient Paper Back,
_c1966.
_aDelhi:
300 _a237p
942 _cBK
_2ddc
_h823.91
_iMAR/H
_k823.91
_mMAR/H